Welcome to the Holygrace Academy Library

Please use search bar below to get started

MASTERING SCIENCE (Record no. 948)

MARC details
000 -LEADER
fixed length control field 00312nam a22001337a 4500
020 ## - INTERNATIONAL STANDARD BOOK NUMBER
ISBN 978-81-8477-491-7
082 ## - DEWEY DECIMAL CLASSIFICATION NUMBER
Classification number 500
Item number BAS/M
100 ## - MAIN ENTRY--AUTHOR NAME
Personal name BIMAN BASU
245 ## - TITLE STATEMENT
Title MASTERING SCIENCE
Remainder of title CLASS IX
260 ## - PUBLICATION, DISTRIBUTION, ETC. (IMPRINT)
Place of publication DELHI
Name of publisher SCHOLASTIC INDIA
Year of publication 2010
300 ## - PHYSICAL DESCRIPTION
Number of Pages 185
650 ## - SUBJECT ADDED ENTRY--TOPICAL TERM
Topical Term SCIENCE FOR CLASS IX
Geographic subdivision INDIA
942 ## - ADDED ENTRY ELEMENTS (KOHA)
Koha item type Books
Holdings
Withdrawn status Lost status Collection code Home library Current library Shelving location Date acquired Source of acquisition Full call number Accession Number Koha item type
    Reference Main Library Main Library SHELF 7E CLASS 7,8,9 MIX 25/09/2014 purchase 500 BAS/M 09517 Books